| 000 | 01055cam a22002175a 4500 | ||
|---|---|---|---|
| 001 | L149840 | ||
| 008 | 100504e2010 xxk 000 0 eng d | ||
| 035 | _a(Sirsi) u149840 | ||
| 041 | 0 | _aeng | |
| 100 | 1 | _aSandher, Hardeep | |
| 245 | 0 | 0 |
_aMarkets _bnorth-east |
| 260 | _c2010 | ||
| 490 | 0 |
_aProperty Week _v76(13) 01 April 2010, 41-48(4) |
|
| 520 | _aThe north-east region may become Britain's wind power base with US firm Clipper's plans to build a wind turbine at Blythe and developments in the UK offshore wind market at Dogger Bank. Newcastle's retail scene has been boosted by the completion of Eldon Square, Capital Shopping Centres 410 000 sq ft scheme. 2009 produced the best take-up in the Newcastle office market since 2006. Durham City Vision is seeking a development partner for a £20m transformation of the former ice rink into offices. | ||
| 590 | _aKA | ||
| 651 | 4 |
_aEngland _y886- |
|
| 690 | _aPROPERTY-COMMERCIAL PROPERTY-COMMERCIAL PROPERTY MARKET | ||
| 700 | 1 | _aMcConnell, Michael | |
| 700 | 1 | _aShepherd, Mark | |
| 942 | _n0 | ||
| 999 |
_c82293 _d82293 |
||